ბათუმის შოთა რუსთაველის სახელმწიფო უნივერსიტეტის ბიბლიოთეკა

Высшая математика. Введение в анализ:Конспект лекций. 1-12. l. курс ll. семестр. (ბიბ.ჩანაწერი № 38917)

000 -LEADER
fixed length control field 00692nam a2200205Ia 4500
001 - CONTROL NUMBER
control field 5337
003 - CONTROL NUMBER IDENTIFIER
control field GE_BSU
008 - FIXED-LENGTH DATA ELEMENTS--GENERAL INFORMATION
fixed length control field 181216s||||||||xx |||||||||||||| ||und||
040 ## - CATALOGING SOURCE
Transcribing agency GE_BSU
080 ## - UNIVERSAL DECIMAL CLASSIFICATION NUMBER
Universal Decimal Classification number 517
245 ## - TITLE STATEMENT
Title Высшая математика. Введение в анализ:Конспект лекций. 1-12. l. курс ll. семестр.
245 ## - TITLE STATEMENT
Remainder of title Учебное телевидение
245 ## - TITLE STATEMENT
Statement of responsibility, etc. Под. общ. ред. Н.Я.А.Виленкина
260 ## - PUBLICATION, DISTRIBUTION, ETC.
Place of publication, distribution, etc. Москва
260 ## - PUBLICATION, DISTRIBUTION, ETC.
Date of publication, distribution, etc. 1966
300 ## - PHYSICAL DESCRIPTION
Extent 74 с. 22см.
653 ## - INDEX TERM--UNCONTROLLED
Uncontrolled term Высшая математика Введение в анализ
653 ## - INDEX TERM--UNCONTROLLED
Uncontrolled term Конспект лекций
942 ## - ADDED ENTRY ELEMENTS (KOHA)
Koha item type წიგნი
ეგზემპლარები
Withdrawn status Lost status Damaged status Not for loan Date acquired Barcode Date last seen Price effective from Koha item type
        2018-12-17 16496 2018-12-17 2018-12-17 წიგნი